Name Pick 'Em Quiz Stats

 Plays Quiz not verified by Sporcle

Challenge
Share
Tweet
Embed
Score 0/127 Timer 10:00
0 Plays Today
% Correct
Brigitta
79.2%
Friedrich
69.2%
Gretl
61.7%
Kurt
57.5%
Cindy
56.7%
Bobby
55.8%
Jan
55%
Liesl
53.3%
Greg
52.5%
Marcia
52.5%
Peter
50.8%
Adams
47.5%
Marta
46.7%
Denmark
45.8%
Louisa
45%
Connecticut
43.3%
Delaware
41.7%
Adams
40.8%
Dominican Republic
40%
Bush
40%
Pennsylvania
39.2%
Djbouti
39.2%
Bush
39.2%
Georgia
38.3%
New Jersey
38.3%
Buchanan
38.3%
Maryland
37.5%
Massachusetts
37.5%
New York
37.5%
North Carolina
37.5%
Arthur
37.5%
New Hampshire
36.7%
Carter
36.7%
Clinton
36.7%
Coolidge
36.7%
Rhode Island
35.8%
Eisenhower
35.8%
Fillmore
35.8%
Ford
35.8%
Grant
35.8%
Harrison
35.8%
South Carolina
35%
Dominica
35%
% Correct
Cleveland
35%
Garfield
35%
Harding
35%
Virginia
34.2%
Hoover
34.2%
Hayes
33.3%
Kennedy
33.3%
Nixon
33.3%
Craig
33.3%
Johnson
33.3%
Jackson
32.5%
Jefferson
32.5%
Madison
32.5%
Monroe
32.5%
Connery
32.5%
Harrison
32.5%
Johnson
31.7%
Lincoln
31.7%
Brosnan
31.7%
Dalton
31.7%
Obama
30.8%
Roosevelt
30.8%
Taft
30.8%
Cornell
30.8%
McKinley
30%
Polk
30%
Reagan
30%
Roosevelt
30%
Wilson
30%
Columbia
30%
Dartmouth
30%
Harvard
30%
Pierce
29.2%
Truman
29.2%
Van Buren
29.2%
Taylor
28.3%
Tyler
28.3%
(of) Aragon
28.3%
Washington
27.5%
Pavarotti
27.5%
Brown
27.5%
Princeton
26.7%
Moore
25.8%
% Correct
Carreras
25.8%
Domingo
25.8%
Yale
25.8%
Lazenby
25%
Carson
24.2%
Fallon
24.2%
Allen
23.3%
Leno
23.3%
Lennon
23.3%
Harrison
22.5%
Pennsylvania
22.5%
McCartney
22.5%
Barkley
21.7%
Best
20.8%
Starr
20.8%
Sutcliffe
18.3%
Barrett
17.5%
Ewing
17.5%
Cattermole
15.8%
Bird
15.8%
(of) Cleves
15.8%
Howard
15.8%
Drexler
15%
Jordan
15%
Johnson
14.2%
O'Meara
14.2%
Paar
14.2%
Seymour
14.2%
Spearritt
13.3%
Stevens
13.3%
Stockton
13.3%
Boleyn
13.3%
Parr
13.3%
Laettner
12.5%
Robinson
12.5%
O'Brien
12.5%
McIntosh
11.7%
Malone
11.7%
Pippen
11.7%
Lee
10.8%
Mullin
10.8%

You're not logged in!

Compare scores with friends on all Sporcle quizzes.
Join for Free
OR
Log In

You Might Also Like...

Show Comments

Extras

Created Mar 19, 2014ReportNominate
Tags:Brady Bunch, Sound of Music

Top Quizzes Today


Score Distribution

Your Account Isn't Verified!

In order to create a playlist on Sporcle, you need to verify the email address you used during registration. Go to your Sporcle Settings to finish the process.

Report this User

Report this user for behavior that violates our Community Guidelines.

Details: